Dicer-like genes are essential for efficient plant infection in the rubber tree powdery mildew fungus Erysiphe quercicola (Record no. 75829)

MARC details
000 -LEADER
fixed length control field 00558nam a22002057a 4500
100 ## - MAIN ENTRY--AUTHOR NAME
Personal name He, L.
245 ## - TITLE STATEMENT
Title Dicer-like genes are essential for efficient plant infection in the rubber tree powdery mildew fungus Erysiphe quercicola
260 ## - PUBLICATION, DISTRIBUTION, ETC. (IMPRINT)
Name of publisher FEMS Microbiology Letters, 372
Year of publication 2025
300 ## - PHYSICAL DESCRIPTION
Other physical details Online
650 ## - SUBJECT ADDED ENTRY--TOPICAL TERM
Topical Term Dicer
650 ## - SUBJECT ADDED ENTRY--TOPICAL TERM
Topical Term Powdery mildew
650 ## - SUBJECT ADDED ENTRY--TOPICAL TERM
Topical Term Pathogenicity
650 ## - SUBJECT ADDED ENTRY--TOPICAL TERM
Topical Term HIGS
700 ## - ADDED ENTRY--PERSONAL NAME
Personal name Guo, A.
700 ## - ADDED ENTRY--PERSONAL NAME
Personal name Li, X.
700 ## - ADDED ENTRY--PERSONAL NAME
Personal name Xu, X.
856 ## - ELECTRONIC LOCATION AND ACCESS
Uniform Resource Identifier DOI: 10.1093/femsle/fnaf032
942 ## - ADDED ENTRY ELEMENTS (KOHA)
Koha item type Journals
Holdings
Withdrawn status Lost status Damaged status Not for loan Home library Current library Date acquired Koha item type
        RRII Library RRII Library 23/02/2026 Journals